Online
Catalog

Mi opinión / (Record no. 28865)

MARC details
000 -CABECERA
campo de control de longitud fija 00784nam a2200205 a 4500
001 - NÚMERO DE CONTROL
campo de control 000029373
005 - FECHA Y HORA DE LA ÚLTIMA TRANSACCIÓN
campo de control 20240710133236.0
008 - DATOS DE LONGITUD FIJA--INFORMACIÓN GENERAL
campo de control de longitud fija 110415s2010 dr 000 | spa d
020 ## - NÚMERO INTERNACIONAL ESTÁNDAR DEL LIBRO
Número Internacional Estándar del Libro 9789945423181
040 ## - FUENTE DE LA CATALOGACIÓN
Centro catalogador/agencia de origen DO-SdBNP
Lengua de catalogación spa
Centro/agencia transcriptor BNPHU
082 ## - NÚMERO DE LA CLASIFICACIÓN DECIMAL DEWEY
Número de clasificación xxx
Número de documento/Ítem B876ó
100 1# - ENTRADA PRINCIPAL--NOMBRE DE PERSONA
Nombre de persona Brouwer, Wilhelm
9 (RLIN) 56253
245 10 - MENCIÓN DE TÍTULO
Título Mi opinión /
Mención de responsabilidad, etc. Wilhelm Brouwer ; presentación de Justo Pedro Castellanos K. ; prólogo de Juan Francisco Puello Herrera.
260 ## - PUBLICACIÓN, DISTRIBUCIÓN, ETC.
Lugar de publicación, distribución, etc. Santo Domingo :
Nombre del editor, distribuidor, etc. Universidad APEC,
Fecha de publicación, distribución, etc. 2010.
300 ## - DESCRIPCIÓN FÍSICA
Extensión 96 p. ;
Dimensiones 22 cm.
490 1# - MENCIÓN DE SERIE
Mención de serie UNAPEC por un mundo mejor. Artículos
Número Internacional Normalizado para Publicaciones Seriadas 20781660
Designación de volumen o secuencia 1
700 1# - PUNTO DE ACCESO ADICIONAL--NOMBRE DE PERSONA
Nombre de persona Castellanos, Justo Pedro,
Fechas asociadas al nombre 1961-
Término indicativo de función/relación present.
9 (RLIN) 71189
700 1# - PUNTO DE ACCESO ADICIONAL--NOMBRE DE PERSONA
Nombre de persona Puello Herrera, Juan Francisco,
Término indicativo de función/relación pról.
9 (RLIN) 33659
830 #0 - PUNTO DE ACCESO ADICIONAL DE SERIE-TÍTULO UNIFORME
Título uniforme UNAPEC por un mundo mejor. Artículos ;
Designación de volumen o secuencia 1
9 (RLIN) 56254
Holdings
Estado de retiro Estado de pérdida Restricciones de uso No para préstamo Código de colección Localización permanente Ubicación/localización actual Ubicación en estantería Fecha de adquisición Número de inventario Total de préstamos Signatura topográfica completa Código de barras Fecha visto por última vez Número de copia Precio válido a partir de Tipo de ítem Koha
        Dominicana de Servicio General General En catalogación 14.06.2011 LF1   xxx B876ó 29373-30 25.06.2020 e. 3 25.06.2020 Libro y Folleto Colección Dominicana de Servicio
        Dominicana de Servicio General General En catalogación 10.02.2012 LF1   xxx B876ó 29373-40 25.06.2020 e. 4 25.06.2020 Libro y Folleto Colección Dominicana de Servicio
        Dominicana de Servicio General General En catalogación 10.02.2012 LF1   xxx B876ó 29373-50 25.06.2020 e. 5 25.06.2020 Libro y Folleto Colección Dominicana de Servicio
      Excluido de préstamo Patrimonio Dominicano Patrimonio Dominicano Patrimonio Dominicano Depósito 15.04.2011 LF1   xxx B876ó 29373-10 25.06.2020   25.06.2020 Libro y Folleto Colección Patrimonio Dominicano
      Excluido de préstamo Patrimonio Dominicano Patrimonio Dominicano Patrimonio Dominicano En catalogación 15.04.2011 LF1   xxx B876ó 29373-20 25.06.2020 e. 2 25.06.2020 Libro y Folleto Colección Patrimonio Dominicano

Powered by Koha